00678nam a2200229 a 4500001001300000003000900013005001700022008004100039020002300080082001500103100002500118245003300143260003800176300000900214500003500223505002400258650001800282902000800300942000700308952011600315999001700431nice12345678IN_TiNIC20260116014229.0050524s1998 rama grp 000 0 eng  a8187113 c50000a954.2bNES aNishapuri, Qasim Ali aTarikh-I-Shahia-I-Nishapuria aRampurbRampur Raza Libraryc1998 a124p aincludes index and biblioraphy2 aBibliography, Notes aAwadh-History bSRS cBK 001040708StackRoom-aHMIbHMId2007-04-10g500.00l0o954.2 NESp021076r2007-04-10v500.00w2005-05-24yBK c14432d14432